[Event "EU-Cup (Women) 20th"]
[Site "Skopje"]
[Date "2015.10.20"]
[Round "3.2"]
[White "Popova, Natalija"]
[Black "Muhren, Bianca"]
[Result "1/2-1/2"]
[WhiteElo "2257"]
[BlackElo "2300"]
[PlyCount "105"]
[EventDate "2015.10.18"]
[EventType "team-swiss"]
[EventRounds "7"]
[EventCountry "MKD"]
[SourceTitle "CBM 168 Extra"]
[Source "ChessBase"]
[SourceDate "2015.10.29"]
[SourceVersion "1"]
[SourceVersionDate "2015.10.29"]
[SourceQuality "1"]
[WhiteTeam "Bossa Nova (W)"]
[BlackTeam "De Stukkenjagers (W)"]
[WhiteTeamCountry "BLR"]
[BlackTeamCountry "NED"]

1. e4 c5 2. Nf3 e6 3. d4 cxd4 4. Nxd4 Nc6 5. Nc3 d6 6. Be2 Nf6 7. 0-0 Be7 8. Be3 0-0 9. f4 Qc7 10. Kh1 a6 11. a4 Re8 12. Bf3 Na5 13. Bf2 Bf8 14. Bh4 Nd7 15. Bh5 g6 16. f5 Ne5 17. Bf6 Nac4 18. Qc1 h6 19. Nce2 gxh5 20. Nf4 Ng4 21. Nxh5 exf5 22. h3 Rxe4 23. hxg4 Rxg4 24. b3 Ne5 25. Nxf5 Bxf5 26. Rxf5 Qc6 27. Qf1 Nd7 28. Qe2 Qe4 29. Qxe4 Rxe4 30. Raf1 Rc8 31. c3 Rc5 32. Rxc5 Nxc5 33. b4 Nd7 34. g3 Re2 35. Bd4 Be7 36. Nf4 Rc2 37. Re1 Ne5 38. Nd5 Bg5 39. Bxe5 dxe5 40. Rxe5 Kg7 41. Re4 h5 42. a5 Kg6 43. Ne7+ Bxe7 44. Rxe7 f6 45. Rxb7 Kg5 46. Rb6 Rxc3 47. Kg2 Rb3 48. Kf2 f5 49. Rxa6 Rxb4 50. Ra8 h4 51. Rg8+ Kf6 52. gxh4 Rxh4 53. Kf3 1/2-1/2

[Event "EU-Cup (Women) 20th"]
[Site "Skopje"]
[Date "2015.10.19"]
[Round "2.2"]
[White "Popova, Natalija"]
[Black "Lahav, Michal"]
[Result "1-0"]
[WhiteElo "2257"]
[BlackElo "2015"]
[PlyCount "81"]
[EventDate "2015.10.18"]
[EventType "team-swiss"]
[EventRounds "7"]
[EventCountry "MKD"]
[SourceTitle "CBM 168 Extra"]
[Source "ChessBase"]
[SourceDate "2015.10.29"]
[SourceVersion "1"]
[SourceVersionDate "2015.10.29"]
[SourceQuality "1"]
[WhiteTeam "Bossa Nova (W)"]
[BlackTeam "Rishon Le Zion (W)"]
[WhiteTeamCountry "BLR"]
[BlackTeamCountry "ISR"]

1. e4 e6 2. d4 d5 3. Nc3 Nf6 4. e5 Nfd7 5. f4 c5 6. Nf3 Nc6 7. Be3 cxd4 8. Nxd4 Qb6 9. Qd2 Qxb2 10. Rb1 Qa3 11. Ndb5 Qa5 12. Nxd5 Qxd2+ 13. Bxd2 exd5 14. Nc7+ Kd8 15. Nxa8 b6 16. a4 Bb7 17. Nxb6 axb6 18. a5 Bc5 19. axb6 Bxb6 20. c4 dxc4 21. Bxc4 Nd4 22. Kf2 Nb5+ 23. Be3 Bxe3+ 24. Kxe3 Na3 25. Rxb7 Nxc4+ 26. Kd4 Na5 27. Rb5 Nc6+ 28. Kd5 Ncb8 29. Kd6 h5 30. f5 Na6 31. Rc1 Rh6+ 32. e6 fxe6 33. fxe6 Nf8 34. Re5 Ng6 35. Rf5 Nb8 36. Rc7 Na6 37. Rxg7 Kc8 38. Rg8+ Kb7 39. Rb5+ Ka7 40. Rg7+ Ka8 41. Ra5 1-0

[Event "Minsk op"]
[Site "Minsk"]
[Date "2015.07.17"]
[Round "3"]
[White "Aleksandrov, Aleksej"]
[Black "Popova, Natalija"]
[Result "1-0"]
[WhiteElo "2613"]
[BlackElo "2294"]
[PlyCount "121"]
[EventDate "2015.07.15"]
[EventType "swiss"]
[EventRounds "9"]
[EventCountry "BLR"]
[SourceTitle "CBM 167 Extra"]
[Source "ChessBase"]
[SourceDate "2015.09.14"]
[SourceVersion "1"]
[SourceVersionDate "2015.09.14"]
[SourceQuality "1"]

1. d4 Nf6 2. c4 g6 3. Nc3 d5 4. cxd5 Nxd5 5. Bd2 Bg7 6. e4 Nb6 7. Be3 Nc6 8. d5 Ne5 9. f4 Ng4 10. Bb5+ Bd7 11. Bd4 Bxd4 12. Qxd4 0-0 13. Be2 e6 14. Bxg4 Qh4+ 15. Qf2 Qxg4 16. h3 Qh5 17. Nf3 exd5 18. 0-0-0 c6 19. Ne5 Be6 20. exd5 cxd5 21. g4 Qh6 22. Kb1 f6 23. Nd3 Rac8 24. Nc5 Bf7 25. Nxb7 Rc4 26. Ne2 Rb8 27. Nd6 Rc7 28. Nxf7 Rxf7 29. Nc3 Rd7 30. Qd4 Qf8 31. Rh2 Rc8 32. b3 Qc5 33. Qxc5 Rxc5 34. Rc2 Kf7 35. Ne2 Rdc7 36. Rxc5 Rxc5 37. Nd4 Nc8 38. Rc1 Rxc1+ 39. Kxc1 Ke7 40. Kd2 Kd6 41. Kc3 a5 42. a4 Nb6 43. h4 h6 44. h5 gxh5 45. gxh5 Kc5 46. Kd3 Kb4 47. Kc2 Kc5 48. Kc3 Nd7 49. Nf5 Nf8 50. Nxh6 Ne6 51. Ng8 d4+ 52. Kb2 Nxf4 53. h6 Ng6 54. Nxf6 Kd6 55. Ne4+ Kd5 56. Nd2 Kc5 57. h7 Nh8 58. Kc2 Nf7 59. Nc4 Kb4 60. Ne5 Nh8 61. Nc6+ 1-0

[Event "Wch Blitz final (Women)"]
[Site "Khanty-Mansiysk"]
[Date "2014.04.28"]
[Round "30"]
[White "Ambartsumova, Karina"]
[Black "Popova, Natalija"]
[Result "1-0"]
[WhiteElo "2342"]
[BlackElo "2314"]
[PlyCount "191"]
[EventDate "2014.04.23"]
[EventType "swiss (blitz)"]
[EventRounds "30"]
[EventCountry "RUS"]
[SourceTitle "CBM 160 Extra"]
[Source "ChessBase"]
[SourceDate "2014.07.01"]
[SourceVersion "1"]
[SourceVersionDate "2014.07.01"]
[SourceQuality "1"]

1. e4 c5 2. Nf3 d6 3. d4 cxd4 4. Nxd4 Nf6 5. Nc3 Nc6 6. Bg5 Bd7 7. f4 Rc8 8. Nb3 h6 9. Bh4 g5 10. fxg5 Ng4 11. Qd2 e6 12. h3 Nge5 13. Be2 Be7 14. 0-0-0 Bxg5 15. Bxg5 Qxg5 16. Qxg5 hxg5 17. Rxd6 Ke7 18. Rdd1 b6 19. Rhf1 Rh4 20. a3 Rd8 21. Rd2 Bc8 22. Rxd8 Nxd8 23. Kd2 Bb7 24. Bd3 f6 25. Rf2 Ndf7 26. Ke2 Nd6 27. Nd2 Bc6 28. b3 Bb7 29. Ke3 a6 30. Bf1 Rh8 31. Ne2 b5 32. Nd4 Rc8 33. Re2 Ng6 34. Kf2 Ne5 35. g3 Rc3 36. Re3 Rc8 37. Bg2 Rc7 38. c3 Rc8 39. Ke1 Rh8 40. Kf2 Rc8 41. Nc2 Rc7 42. Ne1 Rc8 43. Nef3 Nxf3 44. Bxf3 Nf7 45. Be2 Ne5 46. c4 bxc4 47. bxc4 a5 48. Rc3 Bc6 49. Nb3 a4 50. Nd4 Rh8 51. Nxc6+ Nxc6 52. c5 Rxh3 53. Bb5 Nd4 54. Bxa4 Rh2+ 55. Ke3 e5 56. Kd3 Kd8 57. Kc4 Ra2 58. c6 Kc7 59. Kd5 Rd2 60. Kc5 Ne6+ 61. Kb4 Rd4+ 62. Kb5 Rxe4 63. Bb3 Nd4+ 64. Kc5 Nxb3+ 65. Rxb3 Re1 66. Rb7+ Kc8 67. Rf7 e4 68. Rxf6 Kc7 69. Rf7+ Kc8 70. Re7 Re3 71. a4 Rc3+ 72. Kd4 Rxc6 73. Rxe4 Kd7 74. Ke5 Rc5+ 75. Kf6 Ra5 76. g4 Kd6 77. Rd4+ Kc7 78. Kg6 Kc6 79. Kh5 Kc5 80. Re4 Kd5 81. Rb4 Ke6 82. Kh6 Kf6 83. Rb6+ Kf7 84. Rb4 Kf6 85. Re4 Kf7 86. Rd4 Kf6 87. Kh5 Kg7 88. Rd7+ Kf6 89. Rd6+ Kg7 90. Rd4 Kf6 91. Rb4 Kg7 92. Rb5 Rxa4 93. Kxg5 Ra6 94. Rb7+ Kg8 95. Rc7 Rc6 96. Rxc6 1-0

[Event "Wch Blitz final (Women)"]
[Site "Khanty-Mansiysk"]
[Date "2014.04.28"]
[Round "23"]
[White "Popova, Natalija"]
[Black "Goryachkina, Aleksandra"]
[Result "0-1"]
[WhiteElo "2314"]
[BlackElo "2423"]
[PlyCount "74"]
[EventDate "2014.04.23"]
[EventType "swiss (blitz)"]
[EventRounds "30"]
[EventCountry "RUS"]
[SourceTitle "CBM 160 Extra"]
[Source "ChessBase"]
[SourceDate "2014.07.01"]
[SourceVersion "1"]
[SourceVersionDate "2014.07.01"]
[SourceQuality "1"]

1. e4 c5 2. Nf3 Nc6 3. d4 cxd4 4. Nxd4 e5 5. Nb5 d6 6. c4 Be7 7. b3 a6 8. N5c3 f5 9. exf5 Bxf5 10. Bd3 Be6 11. 0-0 Nf6 12. Nd2 0-0 13. Nde4 Qd7 14. Be3 Ng4 15. Qe2 Nxe3 16. fxe3 h6 17. Rad1 Rxf1+ 18. Rxf1 Rf8 19. h3 Rxf1+ 20. Qxf1 Bd8 21. Bc2 Bb6 22. Qf3 Ne7 23. Bd3 Nf5 24. Nd1 Ba7 25. Kh2 b5 26. g4 Ne7 27. g5 bxc4 28. bxc4 d5 29. cxd5 Qxd5 30. Ndf2 hxg5 31. Qh5 Bf7 32. Qxg5 Qb7 33. Nd6 Qd7 34. Nxf7 Kxf7 35. Ng4 Ke8 36. Nxe5 Bb8 37. Qh5+ Kd8 0-1

[Event "Wch Blitz final (Women)"]
[Site "Khanty-Mansiysk"]
[Date "2014.04.27"]
[Round "13"]
[White "Popova, Natalija"]
[Black "Shaydullina, Sandugach"]
[Result "0-1"]
[WhiteElo "2314"]
[BlackElo "2112"]
[PlyCount "126"]
[EventDate "2014.04.23"]
[EventType "swiss (blitz)"]
[EventRounds "30"]
[EventCountry "RUS"]
[SourceTitle "CBM 160 Extra"]
[Source "ChessBase"]
[SourceDate "2014.07.01"]
[SourceVersion "1"]
[SourceVersionDate "2014.07.01"]
[SourceQuality "1"]

1. e4 c5 2. Nf3 Nc6 3. d4 cxd4 4. Nxd4 Nf6 5. Nc3 d6 6. Be2 g6 7. 0-0 Bg7 8. Nb3 0-0 9. Bg5 a5 10. a4 Be6 11. Kh1 Nd7 12. Rb1 Kh8 13. Nd5 f6 14. Be3 f5 15. exf5 gxf5 16. Nd4 Nxd4 17. Bxd4 Rg8 18. Re1 Rc8 19. Bf1 Bxd5 20. Bxg7+ Rxg7 21. Qxd5 Rxc2 22. Qxf5 Rc5 23. Qe4 b6 24. Rbc1 Nf6 25. Qf3 Qg8 26. h3 Qc8 27. Rxc5 Qxc5 28. Qa8+ Rg8 29. Qf3 Qc7 30. b3 Rg7 31. Qa8+ Rg8 32. Qf3 Qd8 33. Bd3 e5 34. Qf5 Rf8 35. Rc1 Qe7 36. f3 Nd5 37. Kh2 Rxf5 38. Bxf5 Nb4 39. Rc8+ Kg7 40. Bg4 d5 41. Rb8 Qc7 42. Rc8 Qe7 43. Rb8 d4 44. Rxb6 d3 45. f4 exf4 46. Rb5 d2 47. Bf3 Qd7 48. Rg5+ Kf6 49. Rg4 d1Q 50. Rxf4+ Ke7 51. Re4+ Kd8 52. Bxd1 Qxd1 53. Rh4 Qd6+ 54. Kh1 h6 55. Rc4 Nd3 56. h4 Ke7 57. Re4+ Kf6 58. Rc4 Kf5 59. h5 Nf2+ 60. Kg1 Ng4 61. Rc1 Qd4+ 62. Kh1 Nf2+ 63. Kh2 Qf4+ 0-1

[Event "Wch Blitz final (Women)"]
[Site "Khanty-Mansiysk"]
[Date "2014.04.27"]
[Round "16"]
[White "Popova, Natalija"]
[Black "Sviridova, Vlada"]
[Result "1/2-1/2"]
[WhiteElo "2314"]
[BlackElo "2069"]
[PlyCount "121"]
[EventDate "2014.04.23"]
[EventType "swiss (blitz)"]
[EventRounds "30"]
[EventCountry "RUS"]
[SourceTitle "CBM 160 Extra"]
[Source "ChessBase"]
[SourceDate "2014.07.01"]
[SourceVersion "1"]
[SourceVersionDate "2014.07.01"]
[SourceQuality "1"]

1. e4 e6 2. d4 d5 3. Nc3 Bb4 4. exd5 exd5 5. Bd3 Nf6 6. Bg5 Nc6 7. Nge2 Bg4 8. f3 Bh5 9. 0-0 0-0 10. Nf4 Bg6 11. Ncxd5 Bd6 12. Nxf6+ gxf6 13. Bh6 Bxf4 14. Bxf8 Qxd4+ 15. Kh1 Kxf8 16. Re1 Ne5 17. Be4 Qb6 18. b3 Kg7 19. Qe2 Rd8 20. Rad1 Re8 21. Qf1 f5 22. Bd3 Re6 23. Bc4 Nxc4 24. Qxc4 Rxe1+ 25. Rxe1 Qf2 26. Rf1 Qh4 27. g3 Bxg3 28. Qxh4 Bxh4 29. Rd1 f4 30. Rd7 Bxc2 31. Rxc7 Bb1 32. a3 Bf6 33. Rxb7 Bd4 34. b4 Ba2 35. Kg2 Bb2 36. a4 Bd4 37. b5 Kf6 38. a5 Bd5 39. Rd7 Ke6 40. Rd8 Bf6 41. Rc8 Kd7 42. Rc5 Kd6 43. Rc8 Bb7 44. Rf8 Ke7 45. Rg8 Bc3 46. a6 Bd5 47. Rb8 Bd4 48. h3 h6 49. h4 h5 50. Rg8 Bc4 51. Rb8 Bd5 52. Rg8 Bb6 53. Rg5 Bc4 54. Rxh5 Kf6 55. Rg5 Be3 56. Rg4 Be6 57. Rg5 Bc4 58. Kh3 Bb6 59. Kg2 Be3 60. Kh3 Bb6 61. Kg2 1/2-1/2

[Event "Wch Blitz final (Women)"]
[Site "Khanty-Mansiysk"]
[Date "2014.04.27"]
[Round "14"]
[White "Shaydullina, Sandugach"]
[Black "Popova, Natalija"]
[Result "1-0"]
[WhiteElo "2112"]
[BlackElo "2314"]
[PlyCount "93"]
[EventDate "2014.04.23"]
[EventType "swiss (blitz)"]
[EventRounds "30"]
[EventCountry "RUS"]
[SourceTitle "CBM 160 Extra"]
[Source "ChessBase"]
[SourceDate "2014.07.01"]
[SourceVersion "1"]
[SourceVersionDate "2014.07.01"]
[SourceQuality "1"]

1. d4 Nf6 2. c4 g6 3. Nc3 d5 4. cxd5 Nxd5 5. Bd2 Bg7 6. e4 Nb6 7. Be3 0-0 8. Bb5 a6 9. Be2 Nc6 10. Nf3 Bg4 11. d5 Na5 12. Bd4 Bxf3 13. Bxf3 e5 14. Bc5 Re8 15. 0-0 Nac4 16. b4 Qg5 17. Kh1 Nd6 18. a4 Nbc4 19. Rc1 f5 20. Re1 f4 21. Ne2 Rac8 22. Qd3 b5 23. axb5 axb5 24. Nc3 Rb8 25. Ra1 Qf6 26. Ra7 Re7 27. Rea1 g5 28. Bg4 Qg6 29. Qe2 h6 30. R1a6 Kh8 31. Rc6 Rf8 32. Rcxc7 Rxc7 33. Rxc7 f3 34. Bxf3 Rf4 35. Rc6 g4 36. Bxg4 Rxg4 37. Bxd6 Nxd6 38. Rxd6 Qg5 39. h3 Rh4 40. Qf3 Qc1+ 41. Kh2 Rf4 42. Qg3 Qd2 43. Nxb5 Qxb4 44. Rd8+ Kh7 45. Nd6 Qxe4 46. Nxe4 Rxe4 47. Rd7 1-0

[Event "Wch Blitz final (Women)"]
[Site "Khanty-Mansiysk"]
[Date "2014.04.27"]
[Round "18"]
[White "Sukhareva, Evgenia"]
[Black "Popova, Natalija"]
[Result "1-0"]
[WhiteElo "2201"]
[BlackElo "2314"]
[PlyCount "111"]
[EventDate "2014.04.23"]
[EventType "swiss (blitz)"]
[EventRounds "30"]
[EventCountry "RUS"]
[SourceTitle "CBM 160 Extra"]
[Source "ChessBase"]
[SourceDate "2014.07.01"]
[SourceVersion "1"]
[SourceVersionDate "2014.07.01"]
[SourceQuality "1"]

1. d4 Nf6 2. c4 g6 3. Nf3 Bg7 4. g3 c6 5. Bg2 d5 6. Qb3 0-0 7. 0-0 Qb6 8. c5 Qd8 9. Nc3 b6 10. Na4 b5 11. Nc3 a5 12. Bf4 Bf5 13. Rfe1 Ne4 14. Rad1 Nxc3 15. bxc3 Be4 16. a4 bxa4 17. Qxa4 Qc8 18. Nd2 Bxg2 19. Kxg2 Nd7 20. Nf3 f6 21. e4 e5 22. Bc1 dxe4 23. Rxe4 f5 24. Ree1 e4 25. Nd2 Nf6 26. Nc4 Nd5 27. Bd2 f4 28. Rxe4 f3+ 29. Kh1 Qh3 30. Rg1 Nf6 31. Rh4 Qe6 32. Ne5 Rac8 33. Qxa5 Nd5 34. Qa4 Bxe5 35. dxe5 Qxe5 36. Qe4 Rce8 37. Qxe5 Rxe5 38. c4 Nc7 39. Be3 Ne6 40. Rd1 g5 41. Rh5 Kg7 42. Rd7+ Rf7 43. Rxf7+ Kxf7 44. Rxh7+ Kg6 45. Rd7 Nxc5 46. Rd6+ Ne6 47. Rxc6 g4 48. h3 Kf5 49. hxg4+ Kxg4 50. Kh2 Rh5+ 51. Kg1 Ra5 52. Rxe6 Ra1+ 53. Kh2 Ra3 54. Re4+ Kh5 55. Rf4 Rc3 56. c5 1-0

[Event "Wch Blitz final (Women)"]
[Site "Khanty-Mansiysk"]
[Date "2014.04.26"]
[Round "10"]
[White "Fominykh, Maria"]
[Black "Popova, Natalija"]
[Result "1-0"]
[WhiteElo "2296"]
[BlackElo "2314"]
[PlyCount "59"]
[EventDate "2014.04.23"]
[EventType "swiss (blitz)"]
[EventRounds "30"]
[EventCountry "RUS"]
[SourceTitle "CBM 160 Extra"]
[Source "ChessBase"]
[SourceDate "2014.07.01"]
[SourceVersion "1"]
[SourceVersionDate "2014.07.01"]
[SourceQuality "1"]

1. Nf3 Nf6 2. d4 g6 3. c4 Bg7 4. Nc3 d5 5. cxd5 Nxd5 6. Bd2 0-0 7. e4 Nb6 8. d5 e6 9. Bg5 f6 10. Be3 f5 11. exf5 exf5 12. Be2 N8d7 13. 0-0 Nf6 14. Bxb6 axb6 15. Bc4 Kh8 16. Re1 Bd7 17. Nd4 Ng4 18. h3 Ne5 19. Bb3 Qf6 20. f4 Ng4 21. Ne6 Bxe6 22. Rxe6 Qd4+ 23. Qxd4 Bxd4+ 24. Kh1 Nf2+ 25. Kh2 Rf7 26. Rf1 g5 27. d6 cxd6 28. Rxd6 Bc5 29. Rd5 Ne4 30. Rxc5 1-0

[Event "Wch Rapid (Women)"]
[Site "Khanty-Mansiysk"]
[Date "2014.04.25"]
[Round "15"]
[White "Popova, Natalija"]
[Black "Zhukova, Natalia"]
[Result "0-1"]
[WhiteElo "2314"]
[BlackElo "2459"]
[PlyCount "84"]
[EventDate "2014.04.23"]
[EventType "swiss (rapid)"]
[EventRounds "15"]
[EventCountry "RUS"]
[SourceTitle "CBM 160 Extra"]
[Source "ChessBase"]
[SourceDate "2014.07.01"]
[SourceVersion "1"]
[SourceVersionDate "2014.07.01"]
[SourceQuality "1"]

1. e4 e6 2. d4 d5 3. Nc3 Bb4 4. exd5 exd5 5. Bd3 Nc6 6. Be3 Nge7 7. Qf3 Be6 8. Nge2 Qd7 9. 0-0-0 a6 10. h3 0-0-0 11. g4 h6 12. Ng3 Na5 13. Qe2 f5 14. Bxa6 Bxc3 15. bxc3 Qd6 16. gxf5 bxa6 17. fxe6 Nc4 18. Rdg1 Qa3+ 19. Kd1 Qxc3 20. Nh5 Qa1+ 21. Bc1 Qxd4+ 22. Ke1 g5 23. Ng3 Rd6 24. Kf1 Rf8 25. Kg2 Rf6 26. Rd1 Qb6 27. Rhf1 Rdxe6 28. Qh5 Ng6 29. Kh1 Qc6 30. Rd4 Nce5 31. Be3 Nf3 32. Rfd1 Nxd4 33. Bxd4 Rf8 34. c3 Rfe8 35. Qg4 Qd7 36. Be3 Nf4 37. Nf5 h5 38. Qxg5 Nxh3 39. Qg2 Re5 40. Nd4 Qg4 41. Qxg4+ hxg4 42. Nc6 Rxe3 0-1

[Event "Wch Rapid (Women)"]
[Site "Khanty-Mansiysk"]
[Date "2014.04.24"]
[Round "9"]
[White "Bezgodova, Svetlana"]
[Black "Popova, Natalija"]
[Result "1-0"]
[WhiteElo "2094"]
[BlackElo "2314"]
[PlyCount "153"]
[EventDate "2014.04.23"]
[EventType "swiss (rapid)"]
[EventRounds "15"]
[EventCountry "RUS"]
[SourceTitle "CBM 160 Extra"]
[Source "ChessBase"]
[SourceDate "2014.07.01"]
[SourceVersion "1"]
[SourceVersionDate "2014.07.01"]
[SourceQuality "1"]

1. Nf3 c5 2. c3 g6 3. d3 Bg7 4. Nbd2 d6 5. e4 Nc6 6. Be2 e6 7. 0-0 Nge7 8. Re1 0-0 9. Nf1 Rb8 10. Ng3 b5 11. h4 b4 12. Qc2 bxc3 13. bxc3 Bd7 14. h5 Qa5 15. Bd2 Qa3 16. Rab1 Na5 17. h6 Bf6 18. e5 dxe5 19. Ne4 Bh8 20. Be3 Ba4 21. Qd2 Rbc8 22. c4 Bd7 23. Qc1 Qxc1 24. Rexc1 Bc6 25. Nxc5 Nf5 26. Nb3 Nxb3 27. Rxb3 Nxe3 28. fxe3 e4 29. dxe4 Bxe4 30. c5 Bd5 31. Rb4 f5 32. a3 Bf6 33. Kf2 Rf7 34. Ba6 Rcc7 35. Nd4 Be7 36. Rb8+ Rf8 37. Rb5 e5 38. c6 exd4 39. Rxd5 dxe3+ 40. Ke2 Rf6 41. Bb7 Kf7 42. a4 f4 43. Rcd1 Rfxc6 44. Bxc6 Rxc6 45. Kf3 g5 46. Rd7 Rc2 47. Rxa7 Rf2+ 48. Ke4 e2 49. Re1 g4 50. Rb7 f3 51. gxf3 gxf3 52. Rg1 Rf1 53. Rg7+ Ke6 54. Rgxe7+ Kd6 55. Kf4 e1Q 56. Rxe1 Rxe1 57. Kxf3 Ra1 58. Rb4 Ke6 59. Ke4 Kf6 60. Rb6+ Kg5 61. Ra6 Re1+ 62. Kd5 Rd1+ 63. Kc5 Rc1+ 64. Kb5 Rb1+ 65. Ka5 Ra1 66. Rb6 Kh5 67. Kb5 Rb1+ 68. Ka6 Ra1 69. a5 Kg5 70. Rc6 Rb1 71. Ka7 Rb5 72. a6 Rf5 73. Kb6 Rf8 74. a7 Kh5 75. Kb7 Rf7+ 76. Rc7 Rf8 77. Rxh7 1-0

[Event "Wch Rapid (Women)"]
[Site "Khanty-Mansiysk"]
[Date "2014.04.23"]
[Round "4"]
[White "Popova, Natalija"]
[Black "Sviridova, Vlada"]
[Result "1-0"]
[WhiteElo "2314"]
[BlackElo "2069"]
[PlyCount "67"]
[EventDate "2014.04.23"]
[EventType "swiss (rapid)"]
[EventRounds "15"]
[EventCountry "RUS"]
[SourceTitle "CBM 160 Extra"]
[Source "ChessBase"]
[SourceDate "2014.07.01"]
[SourceVersion "1"]
[SourceVersionDate "2014.07.01"]
[SourceQuality "1"]

1. e4 e6 2. d4 d5 3. Nc3 Nf6 4. e5 Nfd7 5. f4 c5 6. Nf3 Nc6 7. Be3 a6 8. Qd2 b5 9. Ne2 Qb6 10. c3 b4 11. f5 cxd4 12. cxd4 exf5 13. Nf4 Ne7 14. Bd3 h6 15. h4 g6 16. 0-0 Bg7 17. Rae1 Nb8 18. Kh2 Be6 19. Rg1 Nbc6 20. Rc1 g5 21. Nh5 Kf8 22. g3 Rc8 23. b3 Na7 24. Rxc8+ Bxc8 25. Rc1 Be6 26. Rc5 Nac6 27. Kg2 g4 28. Ng1 Qb7 29. Kh2 Qb6 30. Ne2 Ng6 31. Qc2 Nge7 32. Nef4 Rh7 33. Nf6 Rh8 34. Nxe6+ 1-0

[Event "Rewal op-A 16th"]
[Site "Rewal"]
[Date "2011.08.24"]
[Round "5"]
[White "Zielinski, Wojciech"]
[Black "Popova, Natalija"]
[Result "0-1"]
[WhiteElo "2097"]
[BlackElo "2317"]
[PlyCount "62"]
[EventDate "2011.08.19"]
[EventType "swiss"]
[EventRounds "9"]
[EventCountry "POL"]
[SourceTitle "CBM 144 Extra"]
[Source "ChessBase"]
[SourceDate "2011.10.28"]
[SourceVersion "1"]
[SourceVersionDate "2011.10.28"]
[SourceQuality "1"]

1. b3 e5 2. Bb2 Nc6 3. e3 Nf6 4. Nf3 e4 5. Nd4 Nxd4 6. Bxd4 d5 7. d3 Bd6 8. dxe4 dxe4 9. Nd2 0-0 10. Be2 Bf5 11. 0-0 c5 12. Bxf6 Qxf6 13. Bg4 Rad8 14. Bxf5 Qxf5 15. Qe2 Bc7 16. Rfd1 Rd5 17. Nf1 Rfd8 18. Rxd5 Qxd5 19. Ng3 g6 20. Qg4 f5 21. Qg5 Rd7 22. h4 Qe5 23. Re1 Bd8 24. Qh6 Qf6 25. Qf4 Qxh4 26. Qb8 a6 27. Ne2 Qe7 28. c4 Kg7 29. g3 Bc7 30. Qc8 Ba5 31. Rf1 Rd8 0-1

[Event "Rewal op-A 16th"]
[Site "Rewal"]
[Date "2011.08.20"]
[Round "2"]
[White "Popova, Natalija"]
[Black "Guzik, Jolanta"]
[Result "1/2-1/2"]
[WhiteElo "2317"]
[BlackElo "2150"]
[PlyCount "40"]
[EventDate "2011.08.19"]
[EventType "swiss"]
[EventRounds "9"]
[EventCountry "POL"]
[SourceTitle "CBM 144 Extra"]
[Source "ChessBase"]
[SourceDate "2011.10.28"]
[SourceVersion "1"]
[SourceVersionDate "2011.10.28"]
[SourceQuality "1"]

1. Nf3 d5 2. g3 g6 3. Bg2 Bg7 4. d4 e6 5. 0-0 Nd7 6. c4 c6 7. Qc2 f5 8. Bf4 Ngf6 9. Ng5 Qe7 10. c5 e5 11. dxe5 Nxe5 12. Nf3 Nfd7 13. Nxe5 Nxe5 14. h4 h6 15. Nd2 g5 16. Bxe5 Qxe5 17. Rab1 gxh4 18. Nf3 Qe4 19. Qxe4+ fxe4 20. Nxh4 Bf6 1/2-1/2

[Event "Moscow op-E"]
[Site "Moscow"]
[Date "2011.02.04"]
[Round "7.47"]
[White "Airapetian, Gor"]
[Black "Popova, Natalija"]
[Result "1/2-1/2"]
[WhiteElo "2442"]
[BlackElo "2315"]
[PlyCount "63"]
[EventDate "2011.01.29"]
[EventType "swiss"]
[EventRounds "9"]
[EventCountry "RUS"]
[SourceTitle "EXT 2022"]
[Source "ChessBase"]
[SourceDate "2021.10.06"]
[SourceVersion "1"]
[SourceVersionDate "2021.10.06"]
[SourceQuality "1"]

1. d4 Nf6 2. c4 g6 3. g3 c6 4. Nf3 d5 5. cxd5 cxd5 6. Nc3 Bg7 7. Bg2 0-0 8. Ne5 e6 9. 0-0 Nfd7 10. f4 Nc6 11. Be3 Nb6 12. Bf2 Qe7 13. Qb3 Rd8 14. Rfd1 Bd7 15. e4 dxe4 16. Nxe4 Be8 17. a4 Nd5 18. a5 Rab8 19. Nc5 b6 20. axb6 axb6 21. Ne4 Rbc8 22. Nc3 Qb4 23. Qxb4 Ncxb4 24. Rac1 Nxc3 25. Rxc3 Nd5 26. Rc4 Bb5 27. Rcc1 Bf8 28. Bf3 Be7 29. Ng4 Nb4 30. Rc3 Nd5 31. Rcc1 Nb4 32. Rc3 1/2-1/2

[Event "Moscow op-E"]
[Site "Moscow"]
[Date "2011.02.03"]
[Round "6.44"]
[White "Popova, Natalija"]
[Black "Bryzgalin, Kirill"]
[Result "1/2-1/2"]
[WhiteElo "2315"]
[BlackElo "2475"]
[PlyCount "36"]
[EventDate "2011.01.29"]
[EventType "swiss"]
[EventRounds "9"]
[EventCountry "RUS"]
[SourceTitle "EXT 2022"]
[Source "ChessBase"]
[SourceDate "2021.10.06"]
[SourceVersion "1"]
[SourceVersionDate "2021.10.06"]
[SourceQuality "1"]

1. e4 c5 2. Nf3 Nc6 3. d4 cxd4 4. Nxd4 Qc7 5. Nb5 Qb8 6. Bd3 a6 7. N5c3 e6 8. Be3 b5 9. 0-0 Nf6 10. f4 d6 11. Qf3 Bb7 12. Nd2 Be7 13. Qh3 h5 14. Kh1 Qc7 15. Nf3 Ng4 16. Bg1 Bf6 17. Rad1 Rd8 18. Qg3 Nh6 1/2-1/2

[Event "Moscow op-E"]
[Site "Moscow"]
[Date "2011.02.01"]
[Round "4.90"]
[White "Popova, Natalija"]
[Black "Mayorov, Vasili"]
[Result "1-0"]
[WhiteElo "2315"]
[BlackElo "2084"]
[PlyCount "77"]
[EventDate "2011.01.29"]
[EventType "swiss"]
[EventRounds "9"]
[EventCountry "RUS"]
[SourceTitle "EXT 2022"]
[Source "ChessBase"]
[SourceDate "2021.10.06"]
[SourceVersion "1"]
[SourceVersionDate "2021.10.06"]
[SourceQuality "1"]

1. e4 e6 2. d4 d5 3. Nc3 Nf6 4. e5 Nfd7 5. f4 c5 6. Nf3 Nc6 7. Be3 a6 8. Qd2 b5 9. a3 Qb6 10. Ne2 a5 11. c3 Ba6 12. f5 cxd4 13. cxd4 exf5 14. Nf4 Ne7 15. Kf2 h6 16. h4 g6 17. Bd3 Bg7 18. Rac1 0-0 19. Ne2 b4 20. Bxa6 Rxa6 21. Bxh6 f6 22. Bxg7 Kxg7 23. e6 Ne5 24. Nf4 Nc4 25. Qe2 Nd6 26. Rhd1 Ne4+ 27. Kg1 Qd6 28. Qe3 Rb8 29. Nd2 bxa3 30. bxa3 Rab6 31. Nxe4 fxe4 32. Rf1 Rb3 33. Qe2 Rg3 34. h5 Qxa3 35. hxg6 Rb2 36. Qh5 Nxg6 37. Rc7+ Ne7 38. Qf7+ Kh6 39. Qf8+ 1-0

[Event "BLR-ch"]
[Site "Minsk"]
[Date "2011.01.23"]
[Round "12"]
[White "Gorovets, Andrey"]
[Black "Popova, Natalija"]
[Result "1-0"]
[WhiteElo "2408"]
[BlackElo "2315"]
[PlyCount "101"]
[EventDate "2011.01.12"]
[EventType "tourn"]
[EventRounds "13"]
[EventCountry "BLR"]
[EventCategory "9"]
[SourceTitle "CBM 140 Extra"]
[Source "ChessBase"]
[SourceDate "2011.03.01"]
[SourceVersion "1"]
[SourceVersionDate "2011.03.01"]
[SourceQuality "1"]

1. Nf3 Nf6 2. c4 g6 3. Nc3 d5 4. Qa4+ Bd7 5. Qb3 dxc4 6. Qxc4 Nc6 7. d4 a6 8. e4 b5 9. Qd3 Na5 10. Be2 b4 11. Nd1 Bg7 12. Ne3 0-0 13. Qc2 Rb8 14. 0-0 Bb5 15. Bxb5 Rxb5 16. b3 Qa8 17. e5 Nd5 18. Nxd5 Qxd5 19. Be3 c6 20. Rac1 f6 21. Qe2 f5 22. Rc2 Nb7 23. Rfc1 Nd8 24. Rc5 Qd7 25. Qc4+ Kh8 26. Rxb5 axb5 27. Qxb4 f4 28. Bd2 Ne6 29. a4 g5 30. h3 h5 31. Qc3 bxa4 32. Qxc6 Qxc6 33. Rxc6 g4 34. hxg4 hxg4 35. Rxe6 gxf3 36. bxa4 Rd8 37. Bxf4 Rxd4 38. Bg3 Rxa4 39. Rxe7 Bf8 40. Rb7 Bc5 41. gxf3 Kg8 42. Kg2 Kf8 43. f4 Bd4 44. f5 Ra5 45. f4 Ra2+ 46. Kf3 Ra4 47. f6 Ke8 48. Bh4 Ra6 49. Ke4 Bg1 50. Kf5 Ra8 51. Bg5 1-0